000
00294nam a22001337a 4500
008
170825b xxu||||| |||| 00| 0 eng d
020
_a
2900881339627
041
_a
eng
080
_2
2ND
_a
070
100
_a
39
101
_a
MED
245
_a
MASS MEDIA EFFECTS
_c
JEFFRES,L.W
942
_2
udc
_c
BK
999
_c
25052
_d
25052